Music Quiz

Random Music or Song Quiz

Jason Mraz Waiting For My Rocket To Come Songs Quiz Stats

 Plays Quiz not verified by Sporcle

Challenge
Share
Tweet
Embed
Score 0/12 Timer 05:00
0 Plays Today
Track Song % Correct
3Remedy (I Won't Worry)
91.3%
5Curbside Prophet
91.3%
1You And I Both
87%
7Too Much Food
82.6%
2I'll Do Anything
65.2%
6Sleep All Day
65.2%
11Boy's Gone
65.2%
12Tonight, Not Again
65.2%
9On Love, In Sadness
52.2%
4Who Needs Shelter
47.8%
8Absolutely Zero
47.8%
10No Stopping Us
47.8%

You're not logged in!

Compare scores with friends on all Sporcle quizzes.
Join for Free
OR
Log In

You Might Also Like...

Show Comments

Extras

Top Quizzes Today


Score Distribution

Your Account Isn't Verified!

In order to create a playlist on Sporcle, you need to verify the email address you used during registration. Go to your Sporcle Settings to finish the process.

Report this User

Report this user for behavior that violates our Community Guidelines.

Details: